Name That Person Using Geography #2 - Statistics

General Stats
  • This quiz has been taken 21 times
  • The average score is 13 of 14
Answer Stats
Hint Answer % Correct
andorra la vella andorra
100%
ottawa canada
100%
port au prince haiti
100%
jakarta indonesia
100%
algiers algeria
93%
havana cuba
93%
kingston jamaica
93%
pristina kosovo
93%
vilnius lithuania
93%
windhoek namibia
93%
muscat oman
93%
dili east timor
87%
antananarivo madagascar
87%
honiara solomon islands
73%
No matching quizzes found
Score Distribution
Percent of People with Each Score
Percentile by Number Answered
Your Score History
You have not taken this quiz